Neoliberal Authoritarianism (Titelsatznr. 73612)
[ MARC ]
| 000 -Satzkennung | |
|---|---|
| Kontrollfeld mit fester Länge | 01678namaa2200325 cb4500 |
| 001 - Kontrollnummer | |
| Kontrollfeld | BV005305351 |
| 003 - Kontrollnummer Identifier | |
| Kontrollfeld | DE-70 |
| 005 - Datum und Zeit der letzten Transaktion | |
| Kontrollfeld | 20260119171054.0 |
| 007 - Feld mit fester Länge zur physischen Beschreibung - Allgemeine Information | |
| Kontrollfeld mit fester Länge | tu |
| 007 - Feld mit fester Länge zur physischen Beschreibung - Allgemeine Information | |
| Kontrollfeld mit fester Länge | 7 |
| 008 - Feld mit fester Länge zur physischen Beschreibung - Allgemeine Angaben | |
| Kontrollfeld mit fester Länge | 920527s1980 a||| |||| 00||| und d |
| 020 ## - Internationale Standardbuchnummer | |
| Internationale Standardbuchnummer | 9783031894510 |
| Verknüpfung | 978-3-031-89451-0 |
| 024 ## - Anderer Standardidentifier | |
| Standardnummer oder Code | 9783031894510 |
| -- | 978-3-031-89451-0 |
| 040 ## - Katalogisierungsquelle | |
| Übertragungsstelle | RU-10907106 |
| 041 ## - Sprachcode | |
| Sprachcode des Textes/der Tonspur oder des separaten Titels | eng |
| 100 ## - Haupteintragung - Personenname | |
| Personenname | Gataulina, Iuliia |
| Funktionsbezeichnungscode | aut |
| Koha-Normdatenidentnummer | 68257 |
| 245 ## - Titel | |
| Titel | Neoliberal Authoritarianism |
| Zusatz zum Titel | An Ethnography of Russian Universities |
| 264 ## - Produktion, Veröffentlichung, Distribution, Herstellung und Urheberrechtsvermerk | |
| Herstellungs-, Veröffentlichungs- Vertriebs-, Erzeugungsort | Cham |
| Produzent, Herausgeber, Distributor, Hersteller | Springer International Publishing; Palgrave Macmillan |
| Datum der Herstellung, der Veröffentlichung, des Vertriebs oder des Urheberschutzvermerks | 2025 |
| 300 ## - Physische Beschreibung | |
| Umfang | 279 Seiten |
| 336 ## - Inhaltstyp | |
| Quelle | rdacontent |
| Inhaltstypcode | txt |
| Inhaltstypterm | Text |
| 337 ## - Medientyp | |
| Quelle | rdamedia |
| Medientypcode | bc |
| Bezeichnung des Medientyps | Computermedien |
| 338 ## - Datenträgertyp | |
| Quelle | rdacarrier |
| Datenträgertypcode | cr |
| Datenträgertypbezeichnung | Online Ressource |
| 490 ## - Gesamttitelangabe | |
| Gesamttitelangabe | Political Science and International Studies |
| 500 ## - Allgemeine Fußnote | |
| Allgemeine Fußnote | E-Book / Open Access |
| 506 ## - Fußnote zu Zugangsbeschränkungen | |
| Zugangsbedingungen | frei zugänglich / Bitte beachten Sie die Lizenzbestimmungen im Dokument |
| 520 ## - Fußnote zu Zusammenfassungen usw. | |
| Fußnote zur Zusammenfassung usw. | Chapter 1. Introduction.- Chapter 2. University in crisis: Neoliberalization.- Chapter 3. De/re/composing neoliberalization and authoritarianism: Assemblages and ethnography. Chapter 4. Neoliberal competition and neo-imperial aspirations: University status.- Chapter 5. Eurocentricity and Russian search for sovereignty: The Bologna Process.- Chapter 6. Accelerating speed: Optimized academic labor.- Chapter 7. Academic efficiency and authoritarian governance in contamination: Performance-based pay.-Chapter 8. Life in the ruins: Alternative academic projects.- Chapter 9. De/re/composing: Conclusions. |
| 655 ## - Indexierungsterm - Genre/Form | |
| Genre/Form oder fokussierter Term | Open Access |
| 856 ## - Elektronische Adresse und Zugriff | |
| OPAC-Notiz | frei zugänglich |
| URL | <a href="https://link.springer.com/book/10.1007/978-3-031-89451-0">https://link.springer.com/book/10.1007/978-3-031-89451-0</a> |
| 942 ## - Zusätzliche Felder (Koha) | |
| Koha-Medientyp | E-Books |
| Klassifikation oder Aufstellungssystematik | Andere/Generische Klassifikation |
| Ausgeschieden | Verloren | Klassifikation oder Aufstellungssystematik | Beschädigt | Nicht entleihbar | Heimatbibliothek | Aufenthaltsbibliothek | Aufstellungsort | Erwerbungsdatum | Inventarnummer | Signatur | Barcode | Letzte Aktivität | Preis gültig von | Koha-Medientyp |
|---|---|---|---|---|---|---|---|---|---|---|---|---|---|---|
| Andere/Generische Klassifikation | MWN Osteuropa | MWN Osteuropa | Online-Ressource | 16/01/2026 | 26-e00036 | E-26-e00036 | 76532 | 16/01/2026 | 16/01/2026 | E-Books |